000 00745cam a2200265 4500
001 23552
003 BD-RjUL
005 20211209000937.0
008 140311r19731963ctub 001 0 eng
020 _a0837167639
035 _a(BD-RjUL)23617
040 _aDLC
_cDLC
_dDLC
_dBD-RjUL
_beng
041 _aeng
082 0 0 _a915.95
_bMCE
100 1 _aMcKie, Ronald Cecil Hamlyn,
_d1909-
_972496
245 1 4 _aThe emergence of Malaysia /
_cby Ronald McKie.
260 _aWestport, Conn. :
_bGreenwood Press,
_c c1963 [reprinted 1973]
300 _a310 p. :
_bmap. ;
_c22 cm.
504 _aIncludes index.
651 0 _aMalaysia.
_972497
651 0 _aSingapore.
_972498
942 _2ddc
_cBK
999 _c23552
_d23552